| 000 | 01528nam a2200229 a 4500 | ||
|---|---|---|---|
| 008 | 120416s1982 ||||||||||||||||| || u | ||
| 050 | _aHD 7374.6.A3 Kna | ||
| 100 | _aKnauder, Stefanie | ||
| 245 | 1 | 0 | _aShacks and mansions: an analysis of the integrated housing policy in Zambia |
| 260 |
_aLusaka _bMultimedia _c1982 |
||
| 300 | _avi, 167p. : ill. | ||
| 350 | _a0.00 | ||
| 650 | _aHOUSING | ||
| 650 | _aHOUSING POLICY--ZAMBIA | ||
| 995 |
_aSPECIAL COLLECTIONS _D0.00 _e9003988 _FCBU-MAIN LIBRARY (Kitwe) _H1 _I4.50 _jZAM HD 7374.6.A3 Kna _M7 _UAVAILABLE _y9003988 _ZZambiana Collection |
||
| 995 |
_aBINDERY (DAMAGED) _D0.00 _e707458 _FCBU-MAIN LIBRARY (Kitwe) _H3 _I4.50 _jHD 7374.6.A3 Kna _M1 _UDAMAGED _y004391 _ZMain Library Open Access Collection |
||
| 995 |
_aTEXTBOOKS (SBE) _D0.00 _e2032 _FCBU-SCHOOL TEXTBOOK COLLECTIONS _H1 _I0.00 _jSCHOOL TEXTBOOK _M5 _UAVAILABLE _WNov 13, 2008 _y2032 _ZSchool Collections |
||
| 995 |
_aTEXTBOOKS (SBE) _D0.00 _e2033 _FCBU-SCHOOL TEXTBOOK COLLECTIONS _H1 _I0.00 _jSCHOOL TEXTBOOK _M6 _UAVAILABLE _WNov 13, 2008 _y2033 _ZSchool Collections |
||
| 995 |
_aSPECIAL COLLECTIONS _e714139 _FCBU-MAIN LIBRARY (Kitwe) _I0.00 _jZAM HD 7374.6.A3 Kna _M3 _UAVAILABLE _WJan 31, 2022 _y024111 _ZZambiana Collection |
||
| 995 |
_aBINDERY (DAMAGED) _D0.00 _e731343 _FCBU-MAIN LIBRARY (Kitwe) _H4 _I4.50 _jHD 7374.6.A3 Kna _M2 _UDAMAGED _y028843 _ZMain Library Open Access Collection |
||
| 995 |
_aSPECIAL COLLECTIONS _D0.00 _e719392 _FCBU-MAIN LIBRARY (Kitwe) _H1 _I0.00 _jZAM HD 7374.6.A3 KNA _M4 _UAVAILABLE _WMar 25, 2008 _y024112 _ZZambiana Collection |
||
| 999 |
_c80437 _d80437 |
||